01175nam a2200265 a 450000100060000000300080000600500170001400800410003102000260007203500190009804000320011704100080014908200280015711101190018524502370030426000780054130000250061950400510064465000420069565000350073765000460077265000390081870000240085770000280088141695BD-RjUL20211209053432.0160605s1983 ii b 101 0 eng  cRs80.00 ($16.00 U.S.) a(BD-RjUL)41813 aDLCcDLCdDLCdBD-RjULbeng aeng00a306.60947219bSEC 19832 aIndo-Soviet Symposium on Problems of Secularization in Multi-Religious Societiesd(1978 :cTashkent, Uzbek S.S.R.)10aSecularization in multi-religious societies :bIndo-Soviet perspectives : papers presented at the Indo-Soviet Symposium on Problems of Secularization in Multi-Religious Societies, Tashkent, 1978 /cedited by S.C. Dube, V.N. Basilov. aNew Delhi :bIndian Council of Social Science Research :bConcept,c1983. axi, 322 p. ;c23 cm. aIncludes bibliographical references. and index 0aSecularismzSoviet UnionxCongresses. 0aSecularismzIndiaxCongresses. 0aSecularizationzSoviet UnionxCongresses. 0aSecularizationzIndiaxCongresses. aDube, S.C., editor  a Basilov, V.N., editor